<?xml version="1.0" encoding="UTF-8"?>
<record
    xmlns:xsi="http://www.w3.org/2001/XMLSchema-instance"
    xsi:schemaLocation="http://www.loc.gov/MARC21/slim http://www.loc.gov/standards/marcxml/schema/MARC21slim.xsd"
    xmlns="http://www.loc.gov/MARC21/slim">

  <leader>02809nam a22002417a 4500</leader>
  <controlfield tag="003">NALT</controlfield>
  <controlfield tag="005">20231207090725.0</controlfield>
  <controlfield tag="008">230516b        th ||||| |||| 00| 0 tha d</controlfield>
  <datafield tag="040" ind1=" " ind2=" ">
    <subfield code="a">NALT</subfield>
  </datafield>
  <datafield tag="086" ind1=" " ind2=" ">
    <subfield code="a">&#xE15;&#xE1C; - 7.3 796 2563</subfield>
  </datafield>
  <datafield tag="110" ind1="2" ind2=" ">
    <subfield code="a">&#xE2A;&#xE33;&#xE19;&#xE31;&#xE01;&#xE07;&#xE32;&#xE19;&#xE01;&#xE32;&#xE23;&#xE15;&#xE23;&#xE27;&#xE08;&#xE40;&#xE07;&#xE34;&#xE19;&#xE41;&#xE1C;&#xE48;&#xE19;&#xE14;&#xE34;&#xE19;.</subfield>
    <subfield code="9">15999</subfield>
  </datafield>
  <datafield tag="245" ind1="1" ind2="0">
    <subfield code="a">&#xE23;&#xE32;&#xE22;&#xE07;&#xE32;&#xE19;&#xE02;&#xE2D;&#xE07;&#xE1C;&#xE39;&#xE49;&#xE2A;&#xE2D;&#xE1A;&#xE1A;&#xE31;&#xE0D;&#xE0A;&#xE35;&#xE41;&#xE25;&#xE30;&#xE23;&#xE32;&#xE22;&#xE07;&#xE32;&#xE19;&#xE01;&#xE32;&#xE23;&#xE40;&#xE07;&#xE34;&#xE19;&#xE01;&#xE2D;&#xE07;&#xE17;&#xE38;&#xE19;&#xE1E;&#xE31;&#xE12;&#xE19;&#xE32;&#xE01;&#xE32;&#xE23;&#xE01;&#xE35;&#xE2C;&#xE32;&#xE41;&#xE2B;&#xE48;&#xE07;&#xE0A;&#xE32;&#xE15;&#xE34; &#xE01;&#xE32;&#xE23;&#xE01;&#xE35;&#xE2C;&#xE32;&#xE41;&#xE2B;&#xE48;&#xE07;&#xE1B;&#xE23;&#xE30;&#xE40;&#xE17;&#xE28;&#xE44;&#xE17;&#xE22; &#xE2A;&#xE33;&#xE2B;&#xE23;&#xE31;&#xE1A;&#xE1B;&#xE35;&#xE2A;&#xE34;&#xE49;&#xE19;&#xE2A;&#xE38;&#xE14;&#xE27;&#xE31;&#xE19;&#xE17;&#xE35;&#xE48; 30 &#xE01;&#xE31;&#xE19;&#xE22;&#xE32;&#xE22;&#xE19; 2562 /</subfield>
    <subfield code="c">&#xE2A;&#xE33;&#xE19;&#xE31;&#xE01;&#xE07;&#xE32;&#xE19;&#xE01;&#xE32;&#xE23;&#xE15;&#xE23;&#xE27;&#xE08;&#xE40;&#xE07;&#xE34;&#xE19;&#xE41;&#xE1C;&#xE48;&#xE19;&#xE14;&#xE34;&#xE19;.</subfield>
  </datafield>
  <datafield tag="260" ind1=" " ind2=" ">
    <subfield code="a">&#xE01;&#xE23;&#xE38;&#xE07;&#xE40;&#xE17;&#xE1E;&#xE2F; :</subfield>
    <subfield code="b">&#xE2A;&#xE33;&#xE19;&#xE31;&#xE01;&#xE07;&#xE32;&#xE19;&#xE01;&#xE32;&#xE23;&#xE15;&#xE23;&#xE27;&#xE08;&#xE40;&#xE07;&#xE34;&#xE19;&#xE41;&#xE1C;&#xE48;&#xE19;&#xE14;&#xE34;&#xE19;,</subfield>
    <subfield code="c">2563.</subfield>
  </datafield>
  <datafield tag="300" ind1=" " ind2=" ">
    <subfield code="a">24 &#xE2B;&#xE19;&#xE49;&#xE32; ;</subfield>
    <subfield code="c">30 &#xE0B;&#xE21;.</subfield>
  </datafield>
  <datafield tag="505" ind1="0" ind2=" ">
    <subfield code="a">&#xE02;&#xE49;&#xE2D;&#xE21;&#xE39;&#xE25;&#xE17;&#xE31;&#xE48;&#xE27;&#xE44;&#xE1B; -- &#xE40;&#xE01;&#xE13;&#xE11;&#xE4C;&#xE01;&#xE32;&#xE23;&#xE08;&#xE31;&#xE14;&#xE17;&#xE33;&#xE23;&#xE32;&#xE22;&#xE07;&#xE32;&#xE19;&#xE01;&#xE32;&#xE23;&#xE40;&#xE07;&#xE34;&#xE19; -- &#xE21;&#xE32;&#xE15;&#xE23;&#xE10;&#xE32;&#xE19;&#xE01;&#xE32;&#xE23;&#xE1A;&#xE31;&#xE0D;&#xE0A;&#xE35;&#xE20;&#xE32;&#xE04;&#xE23;&#xE31;&#xE10;&#xE41;&#xE25;&#xE30;&#xE19;&#xE42;&#xE22;&#xE1A;&#xE32;&#xE22;&#xE01;&#xE32;&#xE23;&#xE1A;&#xE31;&#xE0D;&#xE0A;&#xE35;&#xE20;&#xE32;&#xE04;&#xE23;&#xE31;&#xE10;&#xE09;&#xE1A;&#xE31;&#xE1A;&#xE43;&#xE2B;&#xE21;&#xE48; -- &#xE2A;&#xE23;&#xE38;&#xE1B;&#xE19;&#xE42;&#xE22;&#xE1A;&#xE32;&#xE22;&#xE01;&#xE32;&#xE23;&#xE1A;&#xE31;&#xE0D;&#xE0A;&#xE35;&#xE17;&#xE35;&#xE48;&#xE2A;&#xE33;&#xE04;&#xE31;&#xE0D; -- &#xE40;&#xE07;&#xE34;&#xE19;&#xE2A;&#xE14;&#xE41;&#xE25;&#xE30;&#xE23;&#xE32;&#xE22;&#xE01;&#xE32;&#xE23;&#xE40;&#xE17;&#xE35;&#xE22;&#xE1A;&#xE40;&#xE17;&#xE48;&#xE32;&#xE40;&#xE07;&#xE34;&#xE19;&#xE2A;&#xE14; -- &#xE25;&#xE39;&#xE01;&#xE2B;&#xE19;&#xE35;&#xE49;&#xE40;&#xE07;&#xE34;&#xE19;&#xE22;&#xE37;&#xE21; -- &#xE25;&#xE39;&#xE01;&#xE2B;&#xE19;&#xE35;&#xE49;&#xE2D;&#xE37;&#xE48;&#xE19;&#xE23;&#xE30;&#xE22;&#xE30;&#xE2A;&#xE31;&#xE49;&#xE19; -- &#xE40;&#xE07;&#xE34;&#xE19;&#xE25;&#xE07;&#xE17;&#xE38;&#xE19;&#xE23;&#xE30;&#xE22;&#xE30;&#xE2A;&#xE31;&#xE49;&#xE19; -- &#xE2D;&#xE38;&#xE1B;&#xE01;&#xE23;&#xE13;&#xE4C; -- &#xE2A;&#xE34;&#xE19;&#xE17;&#xE23;&#xE31;&#xE1E;&#xE22;&#xE4C;&#xE44;&#xE21;&#xE48;&#xE21;&#xE35;&#xE15;&#xE31;&#xE27;&#xE15;&#xE19; -- &#xE2B;&#xE19;&#xE35;&#xE49;&#xE2A;&#xE34;&#xE19;&#xE2B;&#xE21;&#xE38;&#xE19;&#xE40;&#xE27;&#xE35;&#xE22;&#xE19;&#xE2D;&#xE37;&#xE48;&#xE19; -- &#xE20;&#xE32;&#xE23;&#xE30;&#xE1C;&#xE39;&#xE01;&#xE1E;&#xE31;&#xE19; -- &#xE2B;&#xE19;&#xE35;&#xE49;&#xE2A;&#xE34;&#xE19;&#xE17;&#xE35;&#xE48;&#xE2D;&#xE32;&#xE08;&#xE08;&#xE30;&#xE40;&#xE01;&#xE34;&#xE14;&#xE02;&#xE36;&#xE49;&#xE19; -- &#xE23;&#xE32;&#xE22;&#xE44;&#xE14;&#xE49;&#xE40;&#xE07;&#xE34;&#xE19;&#xE1A;&#xE33;&#xE23;&#xE38;&#xE07;&#xE01;&#xE2D;&#xE07;&#xE17;&#xE38;&#xE19; -- &#xE23;&#xE32;&#xE22;&#xE44;&#xE14;&#xE49;&#xE2D;&#xE37;&#xE48;&#xE19; -- &#xE04;&#xE48;&#xE32;&#xE43;&#xE0A;&#xE49;&#xE08;&#xE48;&#xE32;&#xE22;&#xE1A;&#xE38;&#xE04;&#xE25;&#xE32;&#xE01;&#xE23; -- &#xE04;&#xE48;&#xE32;&#xE43;&#xE0A;&#xE49;&#xE2A;&#xE2D;&#xE22; -- &#xE04;&#xE48;&#xE32;&#xE43;&#xE0A;&#xE49;&#xE08;&#xE48;&#xE32;&#xE22;&#xE08;&#xE32;&#xE01;&#xE01;&#xE32;&#xE23;&#xE2D;&#xE38;&#xE14;&#xE2B;&#xE19;&#xE38;&#xE19;&#xE2D;&#xE37;&#xE48;&#xE19;&#xE41;&#xE25;&#xE30;&#xE1A;&#xE23;&#xE34;&#xE08;&#xE32;&#xE04; -- &#xE1C;&#xE25;&#xE01;&#xE32;&#xE23;&#xE14;&#xE33;&#xE40;&#xE19;&#xE34;&#xE19;&#xE07;&#xE32;&#xE19; -- &#xE01;&#xE32;&#xE23;&#xE43;&#xE0A;&#xE49;&#xE08;&#xE48;&#xE32;&#xE22;&#xE40;&#xE07;&#xE34;&#xE19;&#xE15;&#xE32;&#xE21;&#xE41;&#xE1C;&#xE19;&#xE07;&#xE32;&#xE19;&#xE1B;&#xE23;&#xE30;&#xE08;&#xE33;&#xE1B;&#xE35;&#xE1B;&#xE31;&#xE08;&#xE08;&#xE38;&#xE1A;&#xE31;&#xE19;&#xE41;&#xE25;&#xE30;&#xE1B;&#xE35;&#xE01;&#xE48;&#xE2D;&#xE19; -- &#xE01;&#xE32;&#xE23;&#xE2D;&#xE19;&#xE38;&#xE21;&#xE31;&#xE15;&#xE34;&#xE23;&#xE32;&#xE22;&#xE07;&#xE32;&#xE19;&#xE01;&#xE32;&#xE23;&#xE40;&#xE07;&#xE34;&#xE19;.</subfield>
  </datafield>
  <datafield tag="650" ind1=" " ind2="4">
    <subfield code="9">61035</subfield>
    <subfield code="a">&#xE01;&#xE2D;&#xE07;&#xE17;&#xE38;&#xE19;&#xE1E;&#xE31;&#xE12;&#xE19;&#xE32;&#xE01;&#xE32;&#xE23;&#xE01;&#xE35;&#xE2C;&#xE32;&#xE41;&#xE2B;&#xE48;&#xE07;&#xE0A;&#xE32;&#xE15;&#xE34;</subfield>
  </datafield>
  <datafield tag="850" ind1=" " ind2=" ">
    <subfield code="a">NALT</subfield>
  </datafield>
  <datafield tag="942" ind1=" " ind2=" ">
    <subfield code="c">GOV</subfield>
    <subfield code="2">local</subfield>
  </datafield>
  <datafield tag="996" ind1=" " ind2=" ">
    <subfield code="a">chunbijaya.r</subfield>
    <subfield code="b">CATSTF	</subfield>
    <subfield code="c">2023-05-16</subfield>
  </datafield>
  <datafield tag="996" ind1=" " ind2=" ">
    <subfield code="a">jamriang.p</subfield>
    <subfield code="b">CATSTF	</subfield>
    <subfield code="c">2023-06-15</subfield>
  </datafield>
  <datafield tag="999" ind1=" " ind2=" ">
    <subfield code="c">102186</subfield>
    <subfield code="d">102186</subfield>
  </datafield>
  <datafield tag="998" ind1=" " ind2=" ">
    <subfield code="j">1020</subfield>
    <subfield code="k"> &#xE19;&#xE32;&#xE07;&#xE08;&#xE33;&#xE40;&#xE23;&#xE35;&#xE22;&#xE07;  &#xE23;&#xE30;&#xE27;&#xE31;&#xE07;&#xE2A;&#xE33;&#xE42;&#xE23;&#xE07;</subfield>
  </datafield>
  <datafield tag="952" ind1=" " ind2=" ">
    <subfield code="0">0</subfield>
    <subfield code="1">0</subfield>
    <subfield code="2">local</subfield>
    <subfield code="4">0</subfield>
    <subfield code="7">0</subfield>
    <subfield code="8">CGOV</subfield>
    <subfield code="a">NALT</subfield>
    <subfield code="b">NALT</subfield>
    <subfield code="c">GOV</subfield>
    <subfield code="d">2023-05-16</subfield>
    <subfield code="o">&#xE15;&#xE1C; - 7.3 796 2563</subfield>
    <subfield code="p">3961223128</subfield>
    <subfield code="r">2023-07-26 00:00:00</subfield>
    <subfield code="w">2023-05-16</subfield>
    <subfield code="y">GOV</subfield>
  </datafield>
</record>
